000 00345nam a22001217a 4500
999 _c3365
_d3365
005 20201130103841.0
008 201130b ||||| |||| 00| 0 eng d
020 _a0582279178
040 _cCML
245 _aTeacher's Handbook 3.
_cPatilla P.
260 _aEngland
_bMacmillan Ltd
_c1996
942 _2ddc
_cBK
_e1st Edition
_h510
_mPAT